Statistics for Clear Circles on the World Map by Main City #2

Click here to take the quiz!

General Stats

  • This quiz has been taken 385 times
  • The average score is 823 of 1035

Answers on the Map

Answers color-coded by a green-red scale on the quiz's map according to % correct below.
Loading ...
 

Answer Stats

Circle% Correct
8 - New York, Boston, Philadelphia, Toronto, Montréal, Ottawa, Halifax, Sydney
100%
Boston
100%
Dartmouth
100%
Halifax
100%
Labrador City
100%
Montréal
100%
Ottawa
100%
Saint John
100%
Toronto
100%
14 - London, Paris, Madrid, The Ruhr, Milan, Barcelona, Amsterdam, Brussels, Dublin, Bern, Luxembourg, Mo
99%
8 - Shanghai, Seoul, Beijing, Osaka, Tianjin, Wuhan, Shenyang, Pyongyang
99%
9 - Moscow, Istanbul, Ankara, Kiev, Bucharest, Minsk, Volgograd, Tbilisi, Chisinau
99%
9 - Moscow, Saint Petersburg, Minsk, Nizhny Novgorod, Helsinki, Riga, Vilnius, Tallinn, Arkhangel'sk
99%
A Coruña
99%
Amsterdam
99%
Andorra la Vella
99%
Anshan
99%
Arkhangel'sk
99%
Beijing
99%
Bern
99%
Birmingham
99%
Brussels
99%
Busan
99%
Chisinau
99%
Cologne
99%
Cork
99%
Dublin
99%
Hangzhou
99%
Kiev
99%
Limerick
99%
London
99%
Lugo
99%
Luxembourg
99%
Manchester
99%
Minsk
99%
Monaco
99%
Moscow
99%
Nizhny Novgorod
99%
Ourense
99%
Paris
99%
Pyongyang
99%
Rotterdam
99%
Saint Petersburg
99%
Segezha
99%
Seoul
99%
Severodvinsk
99%
Shanghai
99%
Shenyang
99%
The Ruhr
99%
Tianjin
99%
Vigo
99%
Waterford
99%
10 - London, Rotterdam, Birmingham, Manchester, Amsterdam, Dublin, Oslo, Trondheim, Lerwick, Torshavn
98%
10 - Mexico City, Houston, Miami, Monterrey, Tampa, Havana, Mérida, New Orleans, Nassau, Belmopan
98%
12 - Saint Petersburg, Berlin, Hamburg, Warsaw, Stockholm, Copenhagen, Helsinki, Oslo, Riga, Vilnius, Tal
98%
13 - Cairo, Istanbul, Baghdad, Alexandria, Amman, Ankara, Damascus, Athens, Beirut, Yerevan, Tbilisi, Jer
98%
17 - Naples, Rome, Athens, Izmir, Tunis, Belgrade, Sofia, Tripoli, Sarajevo, Benghazi, Pristina, Skopje,
98%
6 - Los Angeles, Dallas, Phoenix, Denver, San Diego, Salt Lake City
98%
7 - Beijing, Tianjin, Chengdu, Wuhan, Xi'an, Lanzhou, Zhumadian
98%
7 - Delhi, Karachi, Mumbai, Lahore, Hyderabad, Ahmedabad, Muscat
98%
7 - Mexico City, Guadalajara, Monterrey, Puebla, Toluca, Ciudad Juárez, Hermosillo
98%
7 - New York, Washington, Boston, Philadelphia, Cleveland, Charlotte, Saint George's
98%
8 - Cairo, Riyadh, Khartoum, Alexandria, Amman, Jeddah, Jerusalem, Al Jawf
98%
8 - Chicago, Washington, Dallas, Houston, Detroit, Atlanta, Saint Louis, New Orleans
98%
8 - Madrid, Barcelona, Casablanca, Algiers, Lisbon, Tunis, Rabat, Andorra la Vella
98%
Ahmedabad
98%
Ajdabiya
98%
Alexandria
98%
Algiers
98%
Al Khums
98%
Amman
98%
Ankara
98%
Athens
98%
Atlanta
98%
Baotou
98%
Barcelona
98%
Bechar
98%
Beirut
98%
Benghazi
98%
Cairo
98%
Casablanca
98%
Charlotte
98%
Chengdu
98%
Chicago
98%
Ciudad Constitucion
98%
Ciudad Juárez
98%
Ciudad Nezahualcoyotl
98%
Cleveland
98%
Copenhagen
98%
Dallas
98%
Damascus
98%
Delhi
98%
Denver
98%
Derry
98%
Ghardaia
98%
Guadalajara
98%
Havana
98%
Helsinki
98%
Hermosillo
98%
Hohhot
98%
Houston
98%
Istanbul
98%
Izmir
98%
Iztapalapa
98%
Jeddah
98%
Jerusalem
98%
Jiayuguan
98%
Karachi
98%
Kokkola
98%
Lanzhou
98%
Las Vegas
98%
Lerwick
98%
Londonderry
98%
Lulea
98%
Madrid
98%
Manzanillo
98%
Mérida
98%
Mexico City
98%
Miami
98%
Misrata
98%
Monterrey
98%
Mumbai
98%
Naples
98%
New Orleans
98%
New York
98%
Nicosia
98%
Ordos
98%
Orlando
98%
Oslo
98%
Ouargla
98%
Oulu
98%
Philadelphia
98%
Phoenix
98%
Puebla
98%
Pune
98%
Rabat
98%
Riga
98%
Rome
98%
Saint George's
98%
Saint Louis
98%
Salt Lake City
98%
San Luis
98%
Santa Rosalia
98%
Seville
98%
Skopje
98%
Stockholm
98%
Tallinn
98%
Tampa
98%
Tarhuna
98%
Tirana
98%
Toluca
98%
Torshavn
98%
Tripoli
98%
Trondheim
98%
Tunis
98%
Umea
98%
Valletta
98%
Vatican City
98%
Vilnius
98%
Washington
98%
Wuhan
98%
Xi'an
98%
Xining
98%
Zhumadian
98%
17 - Bogotá, Medellín, Santo Domingo, Caracas, Port-au-Prince, San José, Panama City, Kingston, Ciudad Gu
97%
6 - Los Angeles, San Francisco, Phoenix, San Diego, Las Vegas, Redding
97%
7 - São Paulo, Rio de Janeiro, Belo Horizonte, Porto Alegre, Brasília, Asunción, Campo Grande
97%
7 - Sydney, Melbourne, Adelaide, Canberra, Newcastle, Hobart, Ceduna
97%
8 - Mexico City, Guadalajara, Toluca, Iztapalapa, Ciudad Nezahualcoyotl, Acapulco, Oaxaca, Manzanillo
97%
8 - Sydney, Gold Coast, Canberra, Newcastle, Wollongong, Port Macquarie, Orange, Kingston
97%
Acapulco
97%
Adelaide
97%
Asunción
97%
Barcelona
97%
Basseterre
97%
Burnie
97%
Campinas
97%
Campo Grande
97%
Canberra
97%
Caracas
97%
Ceduna
97%
Ciudad Bolivar
97%
Ciudad Guayana
97%
Devonport
97%
Kingston
97%
Launceston
97%
Los Angeles
97%
Maturin
97%
Medellín
97%
Melbourne
97%
Newcastle
97%
Orange
97%
Panama City
97%
Port Macquarie
97%
Puerto La Cruz
97%
Redding
97%
San Diego
97%
San Francisco
97%
São Paulo
97%
Sydney
97%
Uberlandia
97%
Vicente Guerrero
97%
Wollongong
97%
10 - Miami, Tampa, Santo Domingo, Orlando, Port-au-Prince, Havana, San Juan, Kingston, Nassau, Basseterre
96%
11 - Johannesburg, Durban, Harare, Maputo, Johannesburg, Beira, Bloemfontein, Gaborone, Maseru, Toliara,
96%
12 - Delhi, Lahore, Faisalabad, Rawalpindi, Kabul, Mashhad, Tashkent, Almaty, Quetta, Ashgabat, Bishkek,
96%
31 - The Ruhr, Milan, Cologne, Berlin, Naples, Rome, Budapest, Warsaw, Bucharest, Vienna, Minsk, Copenhag
96%
6 - Guangzhou, Shanghai, Xiamen, Taipei, Hangzhou, Naha
96%
6 - São Paulo, Rio de Janeiro, Belo Horizonte, Campinas, Vitória, Montes Claros
96%
7 - Chicago, Toronto, Detroit, Cleveland, Minneapolis, Winnipeg, Thunder Bay
96%
7 - Fairbanks, Badger, College, Nuiqsut, Inuvik, Dawson City, Tok
96%
7 - Jakarta, Bandung, Surabaya, Semarang, Palembang, Flying Fish Cove, West Island
96%
7 - Tokyo, Osaka, Nagoya, Busan, Sapporo, Sendai, Yokohama
96%
8 - Casablanca, Lisbon, Rabat, Seville, Rabat, Las Palmas de Gran Canaria, Funchal, Ponta Delgada
96%
8 - Jakarta, Singapore, Kuala Lumpur, Bandung, Surabaya, Kuching, Kota Kinabalu, Bandar Seri Begawan
96%
Agadir
96%
Bandar Seri Begawan
96%
Bandung
96%
Beira
96%
Belgrade
96%
Belo Horizonte
96%
Berlin
96%
Botshabelo
96%
Bratislava
96%
Bucharest
96%
Budapest
96%
Bulawayo
96%
Denpasar
96%
Detroit
96%
Dushanbe
96%
Faisalabad
96%
Flying Fish Cove
96%
Fort McPherson
96%
Funchal
96%
Hamburg
96%
Inuvik
96%
Jakarta
96%
Johannesburg
96%
Kabul
96%
Kuala Lumpur
96%
Kuching
96%
Lahore
96%
Lisbon
96%
Ljubljana
96%
Malang
96%
Maputo
96%
Maseru
96%
Mbabane
96%
Medan
96%
Milan
96%
Minneapolis
96%
Nagoya
96%
Naha
96%
Nassau
96%
Newcastle
96%
Nuiqsut
96%
Osaka
96%
Padang
96%
Palembang
96%
Pekanbaru
96%
Percut
96%
Pietermaritzburg
96%
Podgorica
96%
Ponta Delgada
96%
Port-au-Prince
96%
Prague
96%
Pretoria
96%
Pristina
96%
Quetta
96%
Rawalpindi
96%
Rio de Janeiro
96%
San Juan
96%
San Marino
96%
Santo Domingo
96%
Sarajevo
96%
Semarang
96%
Sendai
96%
Shantou
96%
Singapore
96%
Situbondo
96%
Sofia
96%
Soweto
96%
Surabaya
96%
Taipei
96%
Tashkent
96%
Thunder Bay
96%
Tokyo
96%
Toliara
96%
Vaduz
96%
Vienna
96%
Vitória
96%
Warsaw
96%
Winnipeg
96%
Xiamen
96%
Yokohama
96%
Zagreb
96%
10 - Dar es Salaam, Nairobi, Kampala, Mogadishu, Mombasa, Kigali, Kisangani, Bujumbura, Juba, Dodoma
95%
11 - Riyadh, Kuwait City, Dubai, Isfahan, Doha, Manama, Abu Dhabi, Muscat, Al Basrah, Kerman, Salalah
95%
7 - Buenos Aires, Santiago, Córdoba, Rosario, Mendoza, Concepción, Neuquen
95%
7 - Mumbai, Bangalore, Chennai, Hyderabad, Pune, Colombo, Male
95%
8 - Lima, La Paz, Santa Cruz, Cochabamba, Arequipa, Iquitos, Porto Velho, Sucre
95%
9 - Guatemala City, San José, San Salvador, Panama City, Managua, Tegucigalpa, Mérida, Tuxtla Gutierrez,
95%
9 - Tehran, Baghdad, Kuwait City, Mashhad, Isfahan, Baku, Yerevan, Tbilisi, Ashgabat
95%
Abu Dhabi
95%
Al Basrah
95%
Arequipa
95%
Ashgabat
95%
Baghdad
95%
Baidoa
95%
Baku
95%
Bangalore
95%
Belmopan
95%
Bujumbura
95%
Callao
95%
Chiclayo
95%
Cochabamba
95%
Colombo
95%
Concepción
95%
Córdoba
95%
Doha
95%
Dubai
95%
Guatemala City
95%
Huanuco
95%
Hyderabad
95%
Isfahan
95%
Jamaame
95%
Juba
95%
Kampala
95%
Kerman
95%
Kigali
95%
Kismayo
95%
Kulhudhuffushi
95%
Kuwait City
95%
La Paz
95%
Lima
95%
Managua
95%
Manama
95%
Mashhad
95%
Mendoza
95%
Mombasa
95%
Muscat
95%
Nairobi
95%
Neuquen
95%
Oaxaca
95%
Osorno
95%
Porto Velho
95%
Puerto Montt
95%
Riyadh
95%
San José
95%
San Salvador
95%
Santa Cruz
95%
Santiago
95%
Tbilisi
95%
Tegucigalpa
95%
Tehran
95%
Trujillo
95%
Tuxtla Gutierrez
95%
Valdivia
95%
Yerevan
95%
13 - Lagos, Abidjan, Accra, Kano, Ibadan, Bamako, Abuja, Ouagadougou, Lomé, Cotonou, Niamey, Porto-Novo,
94%
7 - Bangkok, Bangalore, Chennai, Hyderabad, Yangon, Colombo, Port Blair
94%
7 - Bangkok, Ho Chi Minh City, Yangon, Hanoi, Phnom Penh, Kota Kinabalu, Vientiane
94%
7 - Buenos Aires, Porto Alegre, Montevideo, Córdoba, Rosario, Mar del Plata, Bahia Blanca
94%
8 - Seattle, Vancouver, Portland, Calgary, Seattle, Boise, Prince George, Terrace
94%
Abuja
94%
Agadez
94%
Bahia Blanca
94%
Bamako
94%
Bangkok
94%
Boise
94%
Buenos Aires
94%
Chennai
94%
Cotonou
94%
Gao
94%
Ho Chi Minh City
94%
Ibadan
94%
Kaduna
94%
Kalutara
94%
Kano
94%
Lagos
94%
Lomé
94%
Mar del Plata
94%
Montevideo
94%
Moratuwa
94%
Nema
94%
Niamey
94%
Ouagadougou
94%
Phnom Penh
94%
Port Blair
94%
Portland
94%
Porto Alegre
94%
Porto-Novo
94%
Prince George
94%
Rosario
94%
Seattle
94%
Vancouver
94%
Vientiane
94%
Vishakhapatnam
94%
Yamoussoukro
94%
Yangon
94%
12 - Johannesburg, Johannesburg, Soweto, Pretoria, Bulawayo, Bloemfontein, Windhoek, Gaborone, Maseru, Li
93%
12 - Lagos, Abidjan, Accra, Ibadan, Yaoundé, Lomé, Cotonou, Libreville, Porto-Novo, Yamoussoukro, Malabo,
93%
7 - Auckland, Wellington, Christchurch, Manukau City, Waitakere, New Plymouth, Greymouth
93%
7 - Halifax, Sydney, Dartmouth, Saint John's, Saint John, Corner Brook, Happy Valley-Goose Bay
93%
8 - Bogotá, Medellín, Guayaquil, Cali, Quito, Manaus, Iquitos, Boa Vista
93%
8 - Khartoum, Addis Ababa, Sana'a, Omdurman, Djibouti, Asmara, Juba, El Daein
93%
Abidjan
93%
Accra
93%
Addis Ababa
93%
Al Hudaydah
93%
Asmara
93%
Auckland
93%
Bloemfontein
93%
Bogotá
93%
Cali
93%
Corner Brook
93%
Cuenca
93%
Djibouti
93%
Gaborone
93%
Guayaquil
93%
Happy Valley-Goose Bay
93%
Iquitos
93%
Khartoum
93%
Livingstone
93%
Lower Hutt
93%
Manukau City
93%
New Plymouth
93%
Omdurman
93%
Palmerston North
93%
Pasto
93%
Port Harcourt
93%
Quito
93%
Rundu
93%
Saint John's
93%
Sana'a
93%
San-Pedro
93%
Sao Tome
93%
Sydney
93%
Ta`izz
93%
Upington
93%
Waitakere
93%
Wellington
93%
Windhoek
93%
10 - Dakar, Bamako, Conakry, Freetown, Monrovia, Nouakchott, Camayenne, Bissau, Praia, Banjul
92%
10 - Dhaka, Kolkata, Yangon, Chittagong, Lucknow, Kathmandu, Vishakhapatnam, Mandalay, Naypyidaw, Thimphu
92%
7 - Cape Town, Port Elizabeth, East London, Bloemfontein, Botshabelo, George, Upington
92%
9 - Guangzhou, Xiamen, Chengdu, Shantou, Wuhan, Kunming, Hanoi, Naypyidaw, Vientiane
92%
9 - Manila, Cebu, Davao, Angeles, Quezon City, Kota Kinabalu, Puerto Princesa, Koror State, Melekeok
92%
9 - Perth, Rockingham, Mandurah, Bunbury, Armadale, Albany, Geraldton, Narrogin, Moora
92%
Angeles
92%
Banjul
92%
Bissau
92%
Bo
92%
Budta
92%
Camayenne
92%
Cape Town
92%
Cebu
92%
Chittagong
92%
Conakry
92%
Cova Figueira
92%
Dakar
92%
Davao
92%
Dhaka
92%
Freetown
92%
George
92%
Guangzhou
92%
Hanoi
92%
Kathmandu
92%
Kenema
92%
Kolkata
92%
Kunming
92%
Lucknow
92%
Malingao
92%
Mandalay
92%
Manila
92%
Mindelo
92%
Monrovia
92%
Naypyidaw
92%
Nouakchott
92%
Port Elizabeth
92%
Praia
92%
Puerto Princesa
92%
Quezon City
92%
Thimphu
92%
10 - Dar es Salaam, Lusaka, Harare, Lubumbashi, Mombasa, Lilongwe, Nampula, Mbeya, Dodoma, Moroni
91%
13 - Kinshasa, Yaoundé, Douala, Port Harcourt, Brazzaville, Mbuji-Mayi, Bangui, Kigali, Libreville, Kisan
91%
7 - Wellington, Christchurch, Dunedin, Lower Hutt, Palmerston North, Invercargill, Waitangi
91%
9 - Perth, Rockingham, Mandurah, Bunbury, Armadale, Albany, Kalgoorlie, Esperance, Ceduna
91%
Albany
91%
Armadale
91%
Ashburton
91%
Bangui
91%
Brazzaville
91%
Bunbury
91%
Christchurch
91%
Dar es Salaam
91%
Dodoma
91%
Douala
91%
Dunedin
91%
Esperance
91%
Greymouth
91%
Harare
91%
Kalgoorlie
91%
Kinshasa
91%
Kisangani
91%
Libreville
91%
Lilongwe
91%
Lubumbashi
91%
Lusaka
91%
Malabo
91%
Mandurah
91%
Mbeya
91%
Moora
91%
Moroni
91%
Nacala
91%
Nampula
91%
Narrogin
91%
Oamaru
91%
Perth
91%
Rockingham
91%
Timaru
91%
Waitangi
91%
Yaoundé
91%
16 - Ciudad Guayana, Barcelona, Maturin, Puerto La Cruz, Ciudad Bolivar, Georgetown, Paramaribo, Bridgeto
90%
6 - Lima, Callao, Trujillo, Chiclayo, Piura, Huanuco
90%
7 - Kinshasa, Luanda, Lusaka, Brazzaville, Lubumbashi, Mbuji-Mayi, Rundu
90%
Bridgetown
90%
Castries
90%
Georgetown
90%
Kingstown
90%
Luanda
90%
Mbuji-Mayi
90%
Namibe
90%
Oshakati
90%
Port-of-Spain
90%
Roseau
90%
Saint George's
90%
Saint John's
90%
7 - Brasília, Goiânia, Santa Cruz, Campo Grande, Uberlandia, Cuiaba, Porto Velho
88%
9 - Antananarivo, Nacala, Toamasina, Port Louis, Mahajanga, Antsiranana, Moroni, Victoria, Cargados Cara
88%
Antsiranana
88%
Barreiras
88%
Brasília
88%
Cargados Carajos
88%
Cuiaba
88%
Goiânia
88%
Mahajanga
88%
Palmas
88%
8 - Reykjavik, Kopavogur, Hafnarfjoerdur, Akureyri, Gardabaer, Isafjoerdur, Egilsstadir, Olonkinbyen
87%
9 - Reykjavik, Londonderry, Derry, Kopavogur, Hafnarfjoerdur, Akureyri, Torshavn, Isafjoerdur, Egilsstad
87%
Akureyri
87%
Egilsstadir
87%
Gardabaer
87%
Hafnarfjoerdur
87%
Isafjoerdur
87%
Kopavogur
87%
Reykjavik
87%
7 - Anchorage, Fairbanks, Juneau, Eagle River, Whitehorse, Kodiak, Dawson City
86%
8 - Mogadishu, Kismayo, Marka, Jamaame, Baidoa, Gaalkacyo, Beledweyne, Victoria
86%
Anchorage
86%
Badger
86%
Beledweyne
86%
College
86%
Dawson City
86%
Eagle River
86%
Fairbanks
86%
Juneau
86%
Knik-Fairview
86%
Marka
86%
Mogadishu
86%
Tok
86%
Victoria
86%
Whitehorse
86%
6 - Denver, Salt Lake City, Calgary, Edmonton, Winnipeg, Billings
85%
7 - Port Moresby, Townsville, Cairns, Darwin, Lae, Nhulunbuy, Weipa
85%
8 - Baotou, Hohhot, Ulaanbaatar, Ordos, Irkutsk, Bratsk, Hovd, Saynshand
85%
8 - Brisbane, Gold Coast, Logan City, Toowoomba, Noumea, Mackay, Port Vila, Kingston
85%
Angarsk
85%
Billings
85%
Brisbane
85%
Cairns
85%
Calgary
85%
Chita
85%
Edmonton
85%
Gold Coast
85%
Hovd
85%
Irkutsk
85%
Kingston
85%
Lae
85%
Logan City
85%
Nhulunbuy
85%
Noumea
85%
Popondetta
85%
Port Moresby
85%
Saskatoon
85%
Saynshand
85%
Sherwood Park
85%
St. Albert
85%
The Pas
85%
Toowoomba
85%
Ulaanbaatar
85%
Ulan-Ude
85%
Weipa
85%
10 - Makassar, Denpasar, Malang, Malang, Situbondo, Ambon, Kupang, Dili, Darwin, Nhulunbuy
84%
7 - Tashkent, Almaty, Omsk, Bishkek, Karagandy, Astana, Kyzylorda
84%
8 - Sana'a, Djibouti, Al Hudaydah, Ta`izz, Aden, Al Mukalla, Salalah, Gaalkacyo
84%
Aden
84%
Almaty
84%
Al Mukalla
84%
Astana
84%
Bishkek
84%
Darwin
84%
Dili
84%
Gaalkacyo
84%
Karagandy
84%
Kupang
84%
Kyzylorda
84%
Pavlodar
84%
Salalah
84%
6 - Guayaquil, Quito, Pasto, Piura, Cuenca, Puerto Ayora
83%
6 - Port Moresby, Honiara, Arawa, Port Vila, Popondetta, Lata
83%
8 - Antananarivo, Toamasina, Antsirabe, Fianarantsoa, Port Louis, Toliara, Port Mathurin, Cargados Caraj
83%
8 - Brisbane, Gold Coast, Logan City, Townsville, Cairns, Alice Springs, Mount Isa, Tennant Creek
83%
9 - Belém, Manaus, São Luís, Teresina, Ananindeua, Boa Vista, Georgetown, Paramaribo, Santarem
83%
Alice Springs
83%
Ananindeua
83%
Antananarivo
83%
Antsirabe
83%
Arawa
83%
Belém
83%
Boa Vista
83%
Cayenne
83%
Fianarantsoa
83%
Honiara
83%
Lata
83%
Mackay
83%
Manaus
83%
Mount Isa
83%
Paramaribo
83%
Piura
83%
Port Louis
83%
Port Vila
83%
Puerto Ayora
83%
Santarem
83%
Tennant Creek
83%
Toamasina
83%
Townsville
83%
7 - Noumea, Suva, Lautoka, Nadi, Port Vila, Nuku'alofa, Kingston
82%
Neiafu
82%
Nuku'alofa
82%
Pangai
82%
Suva
82%
7 - Durban, Port Elizabeth, Pietermaritzburg, East London, Newcastle, George, Maseru
81%
9 - Yekaterinburg, Chelyabinsk, Omsk, Tyumen, Nizhniy Tagil, Astana, Pavlodar, Surgut, Vorkuta
81%
Durban
81%
East London
81%
Kuybyshev
81%
Muravlenko
81%
Nadym
81%
Omsk
81%
Surgut
81%
Tyumen
81%
7 - Suva, Lautoka, Nadi, Apia, Port Vila, Funafuti, Atafu Village
80%
8 - Kano, Abuja, Kaduna, N'Djamena, Maiduguri, Bangui, El Daein, Bilma
80%
El Daein
80%
Funafuti
80%
Hihifo
80%
Lautoka
80%
Maiduguri
80%
Mata-Utu
80%
Nadi
80%
N'Djamena
80%
8 - Honolulu, Pearl City, Hilo, Kailua, Waipahu, Kahului, Kailua-Kona, Kapa'a
79%
8 - La Paz, Santa Cruz, Córdoba, Cochabamba, Arequipa, San Miguel de Tucuman, Antofagasta, Sucre
79%
9 - Moratuwa, Male, Galle, Matara, Kalutara, Fuvahmulah, Kulhudhuffushi, Naifaru, Vilufushi
79%
9 - Ürümqi, Kathmandu, Xining, Shihezi, Yingbazha, Jiayuguan, Hotan, Thimphu, Qamdo
79%
Antofagasta
79%
Fuvahmulah
79%
Hawaiian Paradise Park
79%
Hilo
79%
Honolulu
79%
Hotan
79%
Kahului
79%
Kailua
79%
Kailua-Kona
79%
Kapa'a
79%
Male
79%
Naifaru
79%
Pearl City
79%
Qamdo
79%
San Miguel de Tucuman
79%
Sucre
79%
Vilufushi
79%
Waipahu
79%
Yingbazha
79%
6 - Nuuk, Happy Valley-Goose Bay, Sisimiut, Qaqortoq, Maniitsoq, Paamiut
78%
7 - Baku, Volgograd, Samara, Tbilisi, Kazan, Kyzylorda, Nukus
78%
7 - Freetown, Monrovia, San-Pedro, Bo, Kenema, Greenville, Georgetown
78%
7 - Prince George, Grande Prairie, Juneau, Whitehorse, Terrace, Yellowknife, Norman Wells
78%
9 - Anchorage, Eagle River, Knik-Fairview, Kalifornsky, Kodiak, Bethel, Dutch Harbor, Nome, Sand Point
78%
Bethel
78%
Grande Prairie
78%
Greenville
78%
Kalifornsky
78%
Kodiak
78%
Maniitsoq
78%
Nome
78%
Norman Wells
78%
Nukus
78%
Nuuk
78%
Paamiut
78%
Qaqortoq
78%
Samara
78%
Sand Point
78%
Terrace
78%
Volgograd
78%
6 - Nuuk, Sisimiut, Ilulissat, Maniitsoq, Uummannaq, Upernavik
77%
Ilulissat
77%
Sisimiut
77%
Upernavik
77%
Uummannaq
77%
8 - Edmonton, Saskatoon, Fort McMurray, St. Albert, Sherwood Park, Yellowknife, Thompson, The Pas
76%
Fort McMurray
76%
Yellowknife
76%
7 - Sapporo, Hegang, Shuangyashan, Vladivostok, Khabarovsk, Yuzhno-Sakhalinsk, Nikolayevsk-on-Amur
75%
Khabarovsk
75%
Kuril'sk
75%
Nikolayevsk-on-Amur
75%
Okha
75%
Sapporo
75%
Yuzhno-Sakhalinsk
75%
10 - Makassar, Davao, Budta, Malingao, Balikpapan, Kota Kinabalu, Manado, Ambon, Dili, Bandar Seri Begawa
74%
7 - Tarawa, Majuro, Betio Village, Funafuti, Arijejen, Jabor, Yaren
74%
8 - Recife, Salvador, Fortaleza, Natal, João Pessoa, Maceió, Palmas, Barreiras
74%
Ambon
74%
Balikpapan
74%
Betio Village
74%
Jabor
74%
João Pessoa
74%
Juazeiro do Norte
74%
Kota Kinabalu
74%
Maceió
74%
Makassar
74%
Manado
74%
Mili
74%
Montes Claros
74%
Recife
74%
Salvador
74%
Sorong
74%
Tarawa
74%
Tual
74%
6 - Recife, Fortaleza, Belém, São Luís, Natal, Juazeiro do Norte
73%
Fortaleza
73%
Natal
73%
São Luís
73%
Teresina
73%
10 - Tarawa, Arawa, Kokopo, Kimbe, Kavieng, Tofol, Kolonia, Palikir, Arijejen, Yaren
71%
7 - Nizhny Novgorod, Yekaterinburg, Chelyabinsk, Samara, Kazan, Ufa, Syktyvkar
71%
Arijejen
71%
Chelyabinsk
71%
Kazan
71%
Kokopo
71%
Nizhniy Tagil
71%
Pechora
71%
Sosnogorsk
71%
Syktyvkar
71%
Tofol
71%
Ufa
71%
Ukhta
71%
Usinsk
71%
Ust-Tsilma
71%
Yaren
71%
Yekaterinburg
71%
7 - Agadir, Nouakchott, Las Palmas de Gran Canaria, Santa Cruz de Tenerife, El Aaiún, Funchal, Dakhla
70%
8 - Apia, Pago Pago, Tafuna, Asau, Mata-Utu, Hihifo, Alofi, Atafu Village
70%
Apia
70%
Asau
70%
Atafu Village
70%
Dakhla
70%
El Aaiún
70%
Guelmim
70%
Las Palmas de Gran Canaria
70%
Pago Pago
70%
Santa Cruz de Tenerife
70%
Tafuna
70%
Zouerat
70%
6 - Hobart, Launceston, Burnie, Devonport, Kingston, Queenstown
69%
Hobart
69%
Kingston
69%
Queenstown
69%
7 - Ürümqi, Novosibirsk, Krasnoyarsk, Barnaul, Shihezi, Ust-Kamenogorsk, Altay
65%
Abakan
65%
Altay
65%
Barnaul
65%
Novokuznetsk
65%
Shihezi
65%
Ürümqi
65%
Ust-Kamenogorsk
65%
6 - Ebaye, Weno, Tofol, Kolonia, Palikir, Wotje
61%
9 - Jayapura, Sorong, Lae, Abepura, Manokwari, Tual, Kokopo, Koror State, Melekeok
61%
Abepura
61%
Ebaye
61%
Jayapura
61%
Kavieng
61%
Kimbe
61%
Kolonia
61%
Manokwari
61%
Palikir
61%
Ujae
61%
Weno
61%
10 - Saipan, Dededo Village, Yigo Village, Tamuning-Tumon-Harmon Village, Mangilao Village, Koror State,
59%
8 - Novosibirsk, Krasnoyarsk, Barnaul, Novokuznetsk, Tomsk, Abakan, Kuybyshev, Tura
59%
Colonia
59%
Dededo Village
59%
Fais
59%
Kansk
59%
Koror State
59%
Krasnoyarsk
59%
Mangilao Village
59%
Melekeok
59%
Novosibirsk
59%
Saipan
59%
Tamuning-Tumon-Harmon Village
59%
Tomsk
59%
Turukhansk
59%
Yigo Village
59%
6 - Kalgoorlie, Geraldton, Alice Springs, Port Hedland, Broome, Tennant Creek
58%
6 - Majuro, Ebaye, Jabor, Wotje, Mili, Ujae
58%
Broome
58%
Karratha
58%
Majuro
58%
Melville
58%
Newman
58%
Port Hedland
58%
Wotje
58%
3 - Praia, Mindelo, Cova Figueira
56%
8 - Arkhangel'sk, Murmansk, Severodvinsk, Apatity, Severomorsk, Segezha, Alta, Ostrovnoy
55%
Apatity
55%
Murmansk
55%
Ostrovnoy
55%
Severomorsk
55%
4 - Nuku'alofa, Neiafu, Pangai, Alofi
53%
7 - Oulu, Umea, Tromso, Lulea, Kokkola, Bodo, Longyearbyen
53%
8 - Shenyang, Harbin, Changchun, Anshan, Jilin, Chita, Hailar, Neryungri
53%
Alofi
53%
Alta
53%
Bodo
53%
Changchun
53%
Hailar
53%
Harbin
53%
Hegang
53%
Jilin
53%
Longyearbyen
53%
Shuangyashan
53%
Tahe
53%
Tromso
53%
Vladivostok
53%
4 - Barrow, Nome, Nuiqsut, Kotzebue
52%
8 - Irkutsk, Ulan-Ude, Bratsk, Angarsk, Kansk, Mirny, Aykhal, Tura
51%
Aykhal
51%
Bodaybo
51%
Bratsk
51%
Mirny
51%
Tura
51%
1 - Georgetown
50%
7 - Vigo, A Coruña, Cork, Ourense, Lugo, Limerick, Waterford
50%
9 - Benghazi, Misrata, Tarhuna, Al Khums, Ajdabiya, Sabha, Tamanrasset, Al Jawf, Bilma
50%
Al Jawf
50%
Bilma
50%
Georgetown
50%
Sabha
50%
4 - Punta Arenas, Rio Gallegos, Ushuaia, Puerto Natales
48%
7 - Yakutsk, Magadan, Nikolayevsk-on-Amur, Okha, Markha, Ust-Nera, Okhotsk
48%
8 - Faaa, Papeete, Punaauia, Pirae, Mahina, Rikitea, Moerai, Adamstown
48%
Magadan
48%
Okhotsk
48%
Rikitea
48%
Ushuaia
48%
Ust-Nera
48%
Zyryanka
48%
3 - Labrador City, Iqaluit, Pangnirtung
47%
3 - Puerto Deseado, Stanley, Camarones
47%
Iqaluit
47%
Stanley
47%
3 - Iqaluit, Pangnirtung, Clyde River
46%
7 - Yakutsk, Neryungri, Tahe, Mirny, Tynda, Bodaybo, Zhigansk
46%
Clyde River
46%
Markha
46%
Neryungri
46%
Pangnirtung
46%
Sangar
46%
Tynda
46%
Vilyuysk
46%
Yakutsk
46%
1 - Saint John's
45%
1 - Stanley
45%
6 - Medan, Pekanbaru, Padang, Percut, Banda Aceh, Lhokseumawe
45%
7 - Puerto Montt, Comodoro Rivadavia, Osorno, Valdivia, Punta Arenas, Trelew, Coihaique
45%
8 - Faaa, Papeete, Punaauia, Pirae, Mahina, Vaitape, Atuona, Taiohae
45%
Atuona
45%
Banda Aceh
45%
Camarones
45%
Coihaique
45%
Comodoro Rivadavia
45%
Faaa
45%
Galle
45%
Lhokseumawe
45%
Mahina
45%
Matara
45%
Papeete
45%
Pirae
45%
Puerto Deseado
45%
Puerto Natales
45%
Punaauia
45%
Punta Arenas
45%
Rio Gallegos
45%
Taiohae
45%
Trelew
45%
6 - Dunedin, Invercargill, Ashburton, Timaru, Oamaru, Queenstown
44%
Invercargill
44%
Queenstown
44%
7 - Petropavlovsk-Kamchatsky, Magadan, Yelizovo, Vilyuchinsk, Klyuchi, Omsukchan, Zyryanka
42%
Atlasovo
42%
Klyuchi
42%
Omsukchan
42%
Tilichiki
42%
1 - Saint George's
41%
7 - Petropavlovsk-Kamchatsky, Yelizovo, Vilyuchinsk, Klyuchi, Atlasovo, Ozernovskiy, Kuril'sk
40%
8 - Noril'sk, Talnakh, Kayyerkan, Dudinka, Igarka, Tazovskiy, Turukhansk, Dikson
40%
Dikson
40%
Dudinka
40%
Igarka
40%
Kayyerkan
40%
Noril'sk
40%
Ozernovskiy
40%
Petropavlovsk-Kamchatsky
40%
Talnakh
40%
Vilyuchinsk
40%
Yelizovo
40%
1 - Jamestown
39%
2 - Namibe, Jamestown
39%
6 - Geraldton, Port Hedland, Karratha, Carnarvon, Newman, Melville
39%
Carnarvon
39%
Geraldton
39%
Jamestown
39%
1 - Edinburgh of the Seven Seas
37%
2 - Ponta Delgada, Angra do Heroismo
37%
Angra do Heroismo
37%
Edinburgh of the Seven Seas
37%
10 - Bechar, Ouargla, Agadez, Guelmim, Ghardaia, Gao, Tamanrasset, Nema, Zouerat, Taoudenni
36%
4 - Inuvik, Kugluktuk, Fort McPherson, Norman Wells
36%
5 - Anadyr, Provideniya, Egvekinot, Tilichiki, Beringovskiy
36%
5 - Hilo, Kailua-Kona, Hawaiian Paradise Park, Hawaiian Paradise Park, Napari Village
36%
Anadyr
36%
Beringovskiy
36%
Tamanrasset
36%
Taoudenni
36%
1 - Hanga Roa
35%
2 - Dutch Harbor, Sand Point
35%
4 - Anadyr, Bilibino, Pevek, Egvekinot
35%
6 - Ust-Nera, Tiksi, Batagay, Zyryanka, Deputatsky, Chokurdakh
35%
7 - Vilyuysk, Tiksi, Sangar, Batagay, Zhigansk, Olenyok, Saskylakh
35%
Batagay
35%
Chokurdakh
35%
Deputatsky
35%
Dutch Harbor
35%
Egvekinot
35%
Hanga Roa
35%
Pevek
35%
Tiksi
35%
Zhigansk
35%
1 - McMurdo Station
34%
2 - Rikitea, Adamstown
34%
7 - Novyy Urengoy, Vorkuta, Nadym, Muravlenko, Salekhard, Mys-Kamennyy, Dikson
34%
7 - Ukhta, Vorkuta, Pechora, Usinsk, Sosnogorsk, Nar'yan-Mar, Ust-Tsilma
34%
Adamstown
34%
McMurdo Station
34%
Mys-Kamennyy
34%
Nar'yan-Mar
34%
Novyy Urengoy
34%
Salekhard
34%
Tazovskiy
34%
Vorkuta
34%
6 - Aykhal, Udachny, Tura, Khatanga, Olenyok, Saskylakh
32%
6 - Bilibino, Pevek, Cherskiy, Zyryanka, Srednekolymsk, Chokurdakh
32%
Bilibino
32%
Cherskiy
32%
Khatanga
32%
Olenyok
32%
Saskylakh
32%
Srednekolymsk
32%
Udachny
32%
1 - Waitangi
31%
2 - Qaqortoq, Tasiilaq
29%
2 - Thompson, Rankin Inlet
29%
Rankin Inlet
29%
Tasiilaq
29%
Thompson
29%
1 - Grytviken
28%
1 - Port-aux-Francais
28%
1 - Tasiilaq
28%
Grytviken
28%
Port-aux-Francais
28%
1 - West Island
27%
2 - Avarua, Moerai
27%
Avarua
27%
Moerai
27%
West Island
27%
4 - Ciudad Constitucion, Vicente Guerrero, Santa Rosalia, San Luis
25%
2 - Tabwakea Village, Napari Village
24%
Napari Village
24%
Tabwakea Village
24%
1 - Olonkinbyen
21%
2 - Kugluktuk, Gjoa Haven
21%
Kugluktuk
21%
Olonkinbyen
21%
1 - Gjoa Haven
20%
1 - Port Mathurin
20%
2 - Provideniya, Lorino
20%
Gjoa Haven
20%
Lorino
20%
Port Mathurin
20%
Provideniya
20%
1 - Lorino
15%
1 - Vaitape
15%
Vaitape
15%

Score Distribution

Percentile by Number Answered

Percent of People with Each Score

Your Score History

You have not taken this quiz